Súpis účastníkov systému ISBN v Slovenskej republike k 1.3.2002
Gespeichert in:
| Format: | Buch |
|---|---|
| Sprache: | Slowakisch |
| Veröffentlicht: |
Martin
Slovenská národná knižnica v Martine
2002
|
| Schlagworte: | |
| Tags: |
Keine Tags, Fügen Sie das erste Tag hinzu!
|
MARC
| LEADER | 00000nam a2200000 4500 | ||
|---|---|---|---|
| 001 | c142184 | ||
| 005 | 20221124093041.5 | ||
| 020 | |a 80-89023-20-7 | ||
| 041 | 0 | |a slo | |
| 044 | |a SK | ||
| 245 | 1 | 0 | |a Súpis účastníkov systému ISBN v Slovenskej republike k 1.3.2002 |
| 264 | 1 | |a Martin |b Slovenská národná knižnica v Martine |c 2002 | |
| 300 | |a 255 s. | ||
| 610 | 2 | 0 | |a vydavateľstvá |
| 610 | 2 | 0 | |a agentúry |
| 610 | 2 | 0 | |a priemysel polygrafický |
| 610 | 2 | 0 | |a Slovensko |